Taylor Swift - Chansons de Fearless par longueur des titres - Statistiques

Statistiques générales
  • Ce quiz a été pris 38 fois
  • Le résultat moyen est 11 sur 13
Statistiques - réponses
Nombre de
caractères
Chansons % Correct
10 Hey Stephen / White Horse / The Best Day / Bye Bye Baby
100%
9 Love Story / Tell Me Why / Superstar / That's When
100%
15 You Belong With Me / The Way I Loved You / Mr. Perfectly Fine
100%
8 Fearless
96%
7 Fifteen / Breathe / Don't You
93%
21 The Other Side of the Door
89%
6 Change
81%
17 Come In With The Rain
81%
12 Jump Then Fall / You All Over Me
81%
14 Forever & Always
78%
18 Today Was a Fairytale
78%
11 Untouchable / We Were Happy
78%
13 You're Not Sorry
67%
Aucun quiz correspondant
Distribution des résultats
% des personnes avec chaque résultat
Percentile par nombre de réponses
Votre historique - résultats
Vous n’avez pas pris ce quiz